Memoria que presenta... Ministerio de Obras Públicas a las Cámaras Legislativas en... Estados Unidos de Venezuela. (Record no. 189936)

MARC details
000 -LEADER
campo de control de longitud fija 00732nas a2200205 i 4500
001 - NÚMERO DE CONTROL
campo de control 189936
003 - IDENTIFICADOR DE NÚMERO DE CONTROL
campo de control ES-MaACL
005 - FECHA Y HORA DE LA ÚLTIMA TRANSACCIÓN
campo de control 20250217134935.0
008 - DATOS DE LONGITUD FIJA--INFORMACIÓN GENERAL
campo de control de longitud fija 200129d19181935ve ar m | |spa d
022 ## - NÚMERO INTERNACIONAL NORMALIZADO PARA PUBLICACIONES SERIADAS
Número Internacional Normalizado para Publicaciones Seriadas 9961-8737
110 1# - ENTRADA PRINCIPAL--NOMBRE DE ENTIDAD CORPORATIVA
Nombre de entidad corporativa o nombre de jurisdicción como elemento de entrada Venezuela.
Unidad subordinada Ministerio de Obras Públicas.
9 (RLIN) 7549
245 10 - MENCIÓN DEL TÍTULO
Título Memoria que presenta... Ministerio de Obras Públicas a las Cámaras Legislativas en... Estados Unidos de Venezuela.
260 ## - PUBLICACIÓN, DISTRIBUCIÓN, ETC.
Lugar de publicación, distribución, etc. Caracas :
Nombre del editor, distribuidor, etc. [s.n.,
Fecha de publicación, distribución, etc. 1918-1935]
300 ## - DESCRIPCIÓN FÍSICA
Extensión 21 v. :
Otras características físicas il. ;
Dimensiones 32 cm.
310 ## - PERIODICIDAD ACTUAL
Periodicidad actual Anual
852 4# - LOCALIZACIÓN
Ubicación ES-MaACL
Número de control de estantería C-11179-95
Nota libre (1918, 1922-23, 1931-33, 1935)
852 4# - LOCALIZACIÓN
Ubicación ES-MaACL
Número de control de estantería B-6501-03
Nota libre (1930; con 1 v. de planos)
866 #0 - MENCIÓN TEXTUAL DE FONDOS--UNIDAD BIBLIOGRÁFICA BÁSICA
Fondos 1918, 1922-23, 1930-33, 1935.
Holdings
Estatus retirado Estado de pérdida Estado de daño No para préstamo Colección Biblioteca de origen Biblioteca actual Ubicación en estantería Fecha de adquisición Fuente de adquisición Total de préstamos Signatura topográfica completa Código de barras Visto por última vez Precio de reemplazo Tipo de ítem Koha
        Periódicos y Revistas Biblioteca del Ateneo de Madrid Biblioteca del Ateneo de Madrid Sala Pardo Bazán 18/04/2005     B-6501-03 1201492 23/02/2023 23/02/2023 Revista
        Periódicos y Revistas Biblioteca del Ateneo de Madrid Biblioteca del Ateneo de Madrid Sala Palomar 18/04/2005     C-11179-95 1201491 23/02/2023 23/02/2023 Revista